| 000 | 00630nam a22002177a 4500 | ||
|---|---|---|---|
| 005 | 20170124110043.0 | ||
| 010 | _aA-000031 | ||
| 020 | _c00.00 | ||
| 035 | _aA-000031 | ||
| 037 | _bCen Lib/Ret | ||
| 040 |
_aDPL _bEN |
||
| 082 |
_a881.08 _bELI |
||
| 100 |
_aEliot, T.S _924044 |
||
| 245 |
_aUse poetry and the use of criticism : _cby T.S. Eliot _bstudies in the relation of criticism to poetry in England / |
||
| 260 |
_aLondon _bFaber and faber _c1960 |
||
| 270 | _bLondon | ||
| 300 |
_a156p. _c21cm(Hb) |
||
| 650 |
_aLiterature _96262 |
||
| 650 |
_aPoetry _9108860 |
||
| 942 |
_2ddc _cEN _h881.08 _mELI |
||
| 999 |
_c128655 _d128655 |
||